L. Ronald Hubbard : (Registro nro. 7484)
[ vista simple ]
| 000 -LEADER | |
|---|---|
| fixed length control field | 01094cam a2200277 a 4500 |
| 003 - CONTROL NUMBER IDENTIFIER | |
| control field | OSt |
| 005 - DATE AND TIME OF LATEST TRANSACTION | |
| control field | 20210308101330.0 |
| 008 - FIXED-LENGTH DATA ELEMENTS--GENERAL INFORMATION | |
| fixed length control field | 130820t 2012cauao r 001 0 spa d |
| 020 ## - INTERNATIONAL STANDARD BOOK NUMBER | |
| International Standard Book Number | 9781457202285 |
| 040 ## - CATALOGING SOURCE | |
| Original cataloging agency | CO-BoPUJ |
| Transcribing agency | CO-JMCR |
| 041 0# - LANGUAGE CODE | |
| Language code of text/sound track or separate title | spa |
| 082 04 - DEWEY DECIMAL CLASSIFICATION NUMBER | |
| Classification number | 910.92 / |
| Item number | H875l |
| Edition number | 23 |
| 100 1# - MAIN ENTRY--PERSONAL NAME | |
| Personal name | Hubbard, Lafayette Ronald |
| Dates associated with a name | 1911-1986 |
| Relator term | autor |
| 9 (RLIN) | 7017 |
| 245 10 - TITLE STATEMENT | |
| Title | L. Ronald Hubbard : |
| Remainder of title | un perfil / |
| Statement of responsibility, etc. | Lafayette Ronald Hubbard |
| 260 ## - PUBLICATION, DISTRIBUTION, ETC. | |
| Place of publication, distribution, etc. | Los Ángeles, California : |
| Name of publisher, distributor, etc. | Bridge publications, |
| Date of publication, distribution, etc. | c2012. |
| 300 ## - PHYSICAL DESCRIPTION | |
| Extent | 231 páginas : |
| Other physical details | ilustraciones, fotos a color ; |
| Dimensions | 30 cm. |
| 490 0# - SERIES STATEMENT | |
| Series statement | Colección de L. Ronald Hubbard |
| 500 ## - GENERAL NOTE | |
| General note | Incluye glosario e índice. |
| 505 0# - FORMATTED CONTENTS NOTE | |
| Formatted contents note | Cronología: Acontecimientos significativos en la vida de L. Ronald Hubbard -- Filántropo -- Artista |
| 600 14 - SUBJECT ADDED ENTRY--PERSONAL NAME | |
| Personal name | Hubbard, Lafayette Ronald |
| Dates associated with a name | 1911-1986 |
| General subdivision | Crítica e interpretación |
| 9 (RLIN) | 14514 |
| 650 14 - SUBJECT ADDED ENTRY--TOPICAL TERM | |
| Topical term or geographic name entry element | Filósofos estadounidenses |
| 9 (RLIN) | 14515 |
| 650 24 - SUBJECT ADDED ENTRY--TOPICAL TERM | |
| Topical term or geographic name entry element | Filósofos |
| Form subdivision | Biografías |
| 9 (RLIN) | 14516 |
| 650 24 - SUBJECT ADDED ENTRY--TOPICAL TERM | |
| Topical term or geographic name entry element | Cienciología |
| 9 (RLIN) | 14517 |
| 942 ## - ADDED ENTRY ELEMENTS (KOHA) | |
| Source of classification or shelving scheme | Dewey Decimal Classification |
| Koha item type | Books |
| Withdrawn status | Lost status | Source of classification or shelving scheme | Damaged status | Not for loan | Home library | Current library | Shelving location | Date acquired | Source of acquisition | Total Checkouts | Full call number | Barcode | Date last seen | Date last checked out | Copy number | Price effective from | Koha item type |
|---|---|---|---|---|---|---|---|---|---|---|---|---|---|---|---|---|---|
| Dewey Decimal Classification | Biblioteca Pública José María del Castillo y Rada | Biblioteca Pública José María del Castillo y Rada | General Stacks | Donación | 1 | 910.92 / H875l | 201810529 | 09/27/2024 | 09/27/2024 | Ej.1 | Books |